000 00561cam a2200193 a 4500
001 000006447
005 20200929153931.0
008 980313s1984 mx 001 f spa
020 _a9688460036
040 _aDO-SdBNP
_bspa
_cBNPHU
082 _aPR863.44
_bS582b
100 1 _aSilen, Ivan.
_d1944-
_917900
245 1 3 _aLa biografía /
_cIván Silén.
260 _aMéxico, D. F. :
_bVillicaña,
_c1984.
300 _a241 p. ;
_c20 cm.
490 1 _aLiteratura
650 4 _aNovela puertorriqueña
_91185
650 4 _aLiteratura puertorriqueña
_ySIGLO XXI
_95259
999 _c6242
_d6242